| 000 | 00804 am a2200253ua 4500 | ||
|---|---|---|---|
| 001 | 007443220 | ||
| 005 | 20140302115410.0 | ||
| 008 | 821122s1982 xx ab grb 000 0 eng d | ||
| 020 | _a0907067107 | ||
| 040 |
_aUk _cUk |
||
| 043 | _ae-uks-- | ||
| 082 | 0 | 4 |
_a381.3409411 _222 _bMAC |
| 100 | 1 |
_aMackay, G. A. _q(George Anthony) _935121 |
|
| 245 | 1 | 0 |
_aConsumer problems in rural areas / _cby G. A. Mackay and G. Laing. |
| 260 |
_a[S. l.] : _bScottish Consumer Council, _c[1982] |
||
| 300 |
_avi, 145 p. : _bmaps, tables ; _c21cm. |
||
| 504 | _aBibliography : p. 142. | ||
| 650 | 0 |
_aConsumer protection _zScotland _935122 |
|
| 650 | 0 |
_aRural services _zScotland _935123 |
|
| 653 |
_bENGGEN _cFebruary2014 |
||
| 655 |
_vreading book _934232 |
||
| 700 | 1 |
_aLaing, G. _935124 |
|
| 942 |
_2ddc _k381.3409411 MAC |
||
| 999 |
_c18050 _d18022 |
||